Sports Quiz

Random Sports or Tennis Quiz

Who Won That Grand Slam Tournament? (Big Four) Quiz Stats

 Plays Quiz not verified by Sporcle

Challenge
Share
Tweet
Embed
Score 0/60 Timer 06:00
0 Plays Today
Question Answer Wrong Answers
French Open
2004
In 2004, the French Open was not won by a Big Four player
(Gastón Gaudio)
Click to continue
96.2%
Wimbledon
2004
Roger Federer
95.3%
Andy Murray
1.7%
Rafael Nadal
1.7%
Novak Djokovic
0.4%
Australian Open
2005
In 2005, the Australian Open was not won by a Big Four player
(Marat Safin)
Click to continue
95.3%
Australian Open
2004
Roger Federer
93.6%
Andy Murray
2.1%
Rafael Nadal
2.6%
Novak Djokovic
1.3%
French Open
2006
Rafael Nadal
93.6%
Andy Murray
1.7%
Roger Federer
1.7%
Novak Djokovic
0%
US Open
2004
Roger Federer
93.6%
Andy Murray
0.4%
Rafael Nadal
3%
Novak Djokovic
1.3%
French Open
2005
Rafael Nadal
93.2%
Andy Murray
0.4%
Roger Federer
3.4%
Novak Djokovic
0.9%
French Open
2007
Rafael Nadal
92.7%
Andy Murray
1.3%
Roger Federer
2.1%
Novak Djokovic
0%
US Open
2009
In 2009, the US Open was not won by a Big Four player
(Juan Martín del Potro)
Click to continue
92.7%
Wimbledon
2005
Roger Federer
92.7%
Andy Murray
0.4%
Rafael Nadal
3.4%
Novak Djokovic
0.9%
Wimbledon
2006
Roger Federer
92.3%
Andy Murray
1.3%
Rafael Nadal
3%
Novak Djokovic
0.4%
French Open
2018
Rafael Nadal
91.8%
Andy Murray
0%
Roger Federer
0%
Novak Djokovic
0%
US Open
2005
Roger Federer
91.5%
Andy Murray
1.7%
Rafael Nadal
2.1%
Novak Djokovic
1.7%
Wimbledon
2007
Roger Federer
91%
Andy Murray
0.9%
Rafael Nadal
3.8%
Novak Djokovic
0.4%
French Open
2011
Rafael Nadal
91%
Andy Murray
0.9%
Roger Federer
0.4%
Novak Djokovic
1.7%
French Open
2008
Rafael Nadal
91%
Andy Murray
0.9%
Roger Federer
1.3%
Novak Djokovic
2.1%
US Open
2006
Roger Federer
91%
Andy Murray
1.3%
Rafael Nadal
3%
Novak Djokovic
1.3%
French Open
2010
Rafael Nadal
91%
Andy Murray
1.3%
Roger Federer
1.7%
Novak Djokovic
0.4%
Australian Open
2018
Roger Federer
90.6%
Andy Murray
1%
Rafael Nadal
0%
Novak Djokovic
0%
French Open
2015
In 2015, the French Open was not won by a Big Four player
(Stan Wawrinka)
Click to continue
90.6%
US Open
2014
In 2014, the US Open was not won by a Big Four player
(Marin Čilić)
Click to continue
90.6%
US Open
2016
In 2016, the US Open was not won by a Big Four player
(Stan Wawrinka)
Click to continue
90.6%
Australian Open
2014
In 2014, the Australian Open was not won by a Big Four player
(Stan Wawrinka)
Click to continue
90.2%
US Open
2018
Novak Djokovic
90%
Andy Murray
0%
Rafael Nadal
0%
Roger Federer
10%
French Open
2012
Rafael Nadal
89.7%
Andy Murray
0.9%
Roger Federer
0.9%
Novak Djokovic
1.7%
French Open
2017
Rafael Nadal
89.3%
Andy Murray
1.3%
Roger Federer
1.7%
Novak Djokovic
0.4%
US Open
2007
Roger Federer
88.9%
Andy Murray
1.3%
Rafael Nadal
3.8%
Novak Djokovic
2.1%
Wimbledon
2017
Roger Federer
88.9%
Andy Murray
1.7%
Rafael Nadal
1.7%
Novak Djokovic
0.4%
US Open
2017
Rafael Nadal
87.9%
Andy Murray
0.7%
Roger Federer
3.5%
Novak Djokovic
1.4%
Australian Open
2017
Roger Federer
87.6%
Andy Murray
2.1%
Rafael Nadal
1.3%
Novak Djokovic
1.7%
Australian Open
2006
Roger Federer
87.6%
Andy Murray
1.7%
Rafael Nadal
4.3%
Novak Djokovic
3.4%
French Open
2013
Rafael Nadal
87.6%
Andy Murray
0.4%
Roger Federer
1.3%
Novak Djokovic
3%
Australian Open
2016
Novak Djokovic
85.5%
Andy Murray
3%
Rafael Nadal
1.7%
Roger Federer
1.7%
Australian Open
2013
Novak Djokovic
84.6%
Andy Murray
3%
Rafael Nadal
3.4%
Roger Federer
1.3%
Australian Open
2012
Novak Djokovic
84.2%
Andy Murray
2.6%
Rafael Nadal
3%
Roger Federer
3.8%
Australian Open
2015
Novak Djokovic
83.8%
Andy Murray
3.4%
Rafael Nadal
3%
Roger Federer
2.1%
US Open
2015
Novak Djokovic
83.3%
Andy Murray
4.7%
Rafael Nadal
3%
Roger Federer
1.3%
Wimbledon
2009
Roger Federer
82.9%
Andy Murray
1.7%
Rafael Nadal
8.5%
Novak Djokovic
1.7%
Australian Open
2007
Roger Federer
82.5%
Andy Murray
2.1%
Rafael Nadal
3.4%
Novak Djokovic
8.5%
French Open
2014
Rafael Nadal
81.6%
Andy Murray
1.7%
Roger Federer
1.7%
Novak Djokovic
7.3%
Australian Open
2011
Novak Djokovic
81.2%
Andy Murray
2.1%
Rafael Nadal
6%
Roger Federer
4.7%
Wimbledon
2016
Andy Murray
80.3%
Rafael Nadal
2.1%
Roger Federer
3%
Novak Djokovic
6.4%
US Open
2011
Novak Djokovic
80.3%
Andy Murray
5.1%
Rafael Nadal
3.8%
Roger Federer
4.7%
Wimbledon
2014
Novak Djokovic
78.6%
Andy Murray
6.4%
Rafael Nadal
2.1%
Roger Federer
4.7%
US Open
2008
Roger Federer
78.2%
Andy Murray
2.6%
Rafael Nadal
9.4%
Novak Djokovic
5.1%
Wimbledon
2018
Novak Djokovic
77.8%
Andy Murray
0%
Rafael Nadal
3.7%
Roger Federer
7.4%
Wimbledon
2015
Novak Djokovic
77.8%
Andy Murray
8.5%
Rafael Nadal
1.3%
Roger Federer
4.7%
French Open
2016
Novak Djokovic
75.6%
Andy Murray
2.6%
Rafael Nadal
13.2%
Roger Federer
0.9%
Wimbledon
2013
Andy Murray
75.6%
Rafael Nadal
2.1%
Roger Federer
3.4%
Novak Djokovic
10.7%
Wimbledon
2011
Novak Djokovic
75.2%
Andy Murray
3%
Rafael Nadal
3%
Roger Federer
12.4%
Wimbledon
2008
Rafael Nadal
73.9%
Andy Murray
0.9%
Roger Federer
17.1%
Novak Djokovic
3.4%
Wimbledon
2012
Roger Federer
73.5%
Andy Murray
6.8%
Rafael Nadal
2.1%
Novak Djokovic
10.3%
Australian Open
2008
Novak Djokovic
71.8%
Andy Murray
0.9%
Rafael Nadal
5.6%
Roger Federer
17.5%
Australian Open
2009
Rafael Nadal
70.5%
Andy Murray
1.7%
Roger Federer
11.1%
Novak Djokovic
12%
French Open
2009
Roger Federer
70.1%
Andy Murray
0.9%
Rafael Nadal
23.5%
Novak Djokovic
0.9%
US Open
2012
Andy Murray
69.7%
Rafael Nadal
3.4%
Roger Federer
0.9%
Novak Djokovic
18.4%
Wimbledon
2010
Rafael Nadal
67.9%
Andy Murray
2.1%
Roger Federer
15.4%
Novak Djokovic
8.5%
US Open
2010
Rafael Nadal
63.2%
Andy Murray
1.7%
Roger Federer
13.7%
Novak Djokovic
15.4%
Australian Open
2010
Roger Federer
56.8%
Andy Murray
3%
Rafael Nadal
9%
Novak Djokovic
25.6%
US Open
2013
Rafael Nadal
53.8%
Andy Murray
3.8%
Roger Federer
4.3%
Novak Djokovic
29.9%

You're not logged in!

Compare scores with friends on all Sporcle quizzes.
OR
Log In

You Might Also Like...

Show Comments

Extras

Top Quizzes Today


Score Distribution

Your Account Isn't Verified!

In order to create a playlist on Sporcle, you need to verify the email address you used during registration. Go to your Sporcle Settings to finish the process.

Report this User

Report this user for behavior that violates our Community Guidelines.

Details: